<?xml version="1.0" encoding="UTF-8"?>
<marc:record xmlns:marc="http://www.loc.gov/MARC21/slim">
   <marc:leader>00000nam a2200000 a 4500</marc:leader>
   <marc:datafield ind1="1" ind2=" " tag="100">
      <marc:subfield code="a">Jostein Gaarder</marc:subfield>
      <marc:subfield code="4">aut</marc:subfield>
      <marc:subfield code="e">Verfasser/-in</marc:subfield>
   </marc:datafield>
   <marc:datafield ind1=" " ind2=" " tag="653">
      <marc:subfield code="a">Weihnachten</marc:subfield>
   </marc:datafield>
   <marc:datafield ind1=" " ind2=" " tag="653">
      <marc:subfield code="a">Bethlehem</marc:subfield>
   </marc:datafield>
   <marc:datafield ind1="0" ind2="0" tag="245">
      <marc:subfield code="a">Das Weihnachtsgeheimnis</marc:subfield>
   </marc:datafield>
   <marc:datafield ind1="0" ind2="0" tag="245">
      <marc:subfield code="c">Jostein Gaarder</marc:subfield>
   </marc:datafield>
   <marc:datafield ind1=" " ind2="1" tag="264">
      <marc:subfield code="b">DER HÖRVERLAG</marc:subfield>
      <marc:subfield code="c">1999</marc:subfield>
   </marc:datafield>
   <marc:datafield ind1="1" ind2=" " tag="520">
      <marc:subfield code="a">IN DIESEM JAHR HAT DER KLEINE JOACHIM EINEN GANZ BESONDEREN ADVENTSKALENDER: ER FÜHRT IHN AUF EINE LEHRREICHE, HISTORISCH-PHILOSOPHISCHE REISE IN DIE VERGANGENHEIT. DENN IN JEDEM TÜRCHEN, DAS ER ÖFFNET, STECKT EIN ZETTELCHEN. UND DARAUF ENTZIFFERT JOACHIM MIT JEDEM ADVENTSTAG MEHR UND MEHR DIE GESCHICHTE EINES PILGERZUGS, DER FAST ZWEITAUSEND JAHRE ZURÜCKREICHT UND MIT DER GEBURT DES JESUSKINDES IN BETLEHEM ENDET.</marc:subfield>
   </marc:datafield>
   <marc:datafield ind1=" " ind2=" " tag="020">
      <marc:subfield code="a">9783867174817</marc:subfield>
      <marc:subfield code="9">9783867174817</marc:subfield>
   </marc:datafield>
   <marc:datafield ind1="3" ind2=" " tag="024">
      <marc:subfield code="a">9783867174817</marc:subfield>
   </marc:datafield>
   <marc:datafield ind1=" " ind2=" " tag="041">
      <marc:subfield code="a">ger</marc:subfield>
   </marc:datafield>
</marc:record>
